| 000 | 01022nam a22002297a 4500 | ||
|---|---|---|---|
| 003 | OSt | ||
| 005 | 20250918164219.0 | ||
| 008 | 240401b ||||| |||| 00| 0 eng d | ||
| 040 | _c0 | ||
| 082 | _aDPer 621.381 In821 September 2022 v. 37 n. 9 | ||
| 100 |
_aChen, Qian. _eauthor. _955604 |
||
| 245 |
_aRemedy strategy for five-phase FTPMMs under single-phase short-circuit fault by injecting harmonic currents from third space / _cQian Chen, Licheng Gu, Jiabin Wang, Wenxiang Zhao, and Guohai Liu. |
||
| 260 |
_aNew York ; _bThe Institute of Electrical and Electronics Engineers, Inc. , _cSeptember 2022. |
||
| 300 |
_aVolume 37, pages 11152-11163 : _billustration ; _c28 cm. |
||
| 500 | _aIEEE Transitions on Power Electronics, v. 37 n. 9, pages 11152-11163, September 2022. | ||
| 700 |
_aChen, Qian. _eauthor. _955604 |
||
| 700 |
_aGu, Licheng. _eauthor. _955605 |
||
| 700 |
_aWang, Jiabin. _eauthor. _955606 |
||
| 700 |
_aZhao, Wenxiang. _eauthor. _955607 |
||
| 700 |
_aLiu, Guohai. _eauthor. _955608 |
||
| 942 |
_2ddc _cPER |
||
| 999 |
_c19915 _d19915 |
||